| 000 | 00684nam a2200229 4500 | ||
|---|---|---|---|
| 001 | bimo0001929742 | ||
| 003 | OSt | ||
| 005 | 20131031213002.0 | ||
| 008 | 040326s2004 esp spa | ||
| 020 | _a84-234-2143-0 | ||
| 040 |
_aSpMaBN _bspa _cBMC _erdc |
||
| 082 | _a658.15 | ||
| 100 | 1 |
_aLoring Miró, Jaime _95773 |
|
| 245 | 1 | 3 |
_aLa gestión financiera _cJaime Loring Miró, Fuensanta Galán Herrero y Teresa Montero Romero |
| 250 | _a2ª ed | ||
| 260 |
_aBarcelona _bDeusto _c2004 |
||
| 300 |
_a526 p. _bil., gráf. _c24 cm |
||
| 650 | 2 | 4 |
_95713 _aEmpresas _xFinanzas |
| 700 | 1 |
_aMontero Romero, Teresa _95776 |
|
| 700 | 1 |
_95774 _aGalán Herrero, Fuesanta |
|
| 942 |
_2ddc _cBK |
||
| 999 |
_c2489 _d2489 |
||